LEADER 03587nam 22007095 450 001 9910743244603321 005 20251204105253.0 010 $a9789811554797 010 $a981155479X 010 $a9789811554780 010 $a9811554781 024 7 $a10.1007/978-981-15-5479-7 035 $a(CKB)5600000000431093 035 $a(MiAaPQ)EBC6878024 035 $a(Au-PeEL)EBL6878024 035 $a(PPN)262174162 035 $a(BIP)83082605 035 $a(BIP)75769976 035 $a(DE-He213)978-981-15-5479-7 035 $a(EXLCZ)995600000000431093 100 $a20220120d2022 u| 0 101 0 $aeng 135 $aurcnu|||||||| 181 $ctxt$2rdacontent 182 $cc$2rdamedia 183 $acr$2rdacarrier 200 10$aAdvances in Soil Liquefaction Engineering /$fby Yoshimichi Tsukamoto, Kenji Ishihara 205 $a1st ed. 2022. 210 1$aSingapore :$cSpringer Nature Singapore :$cImprint: Springer,$d2022. 215 $a1 online resource (195 pages) 225 1 $aSpringer Series in Geomechanics and Geoengineering,$x1866-8763 311 08$a9789811554780 311 08$a9811554781 327 $aLiquefaction resistance of saturated sand -- Characterising undrained monotonic behaviour of saturated sand -- Characterising undrained behaviour of imperfectly saturated and unsaturated sands -- Analysis on triggering of soil liquefaction including effects of imperfect saturation -- Use of in situ sounding tests for evaluating soil liquefaction triggering -- Evaluating post-liquefaction settlement and lateral deformation -- Use of in situ sounding tests for evaluating stability of soil deposits subject to liquefaction. . 330 $aThis book describes recent developments in soil liquefaction engineering and introduces more appropriate procedures than the current ones to evaluate triggering and consequences of soil liquefaction during earthquakes. The topics therefore cover all aspects of soil behaviour following liquefaction during earthquakes. The contents start with new approaches and new findings on characterisation of liquefaction resistance and undrained shear strength of fully saturated, partially saturated, and unsaturated sand, which are fully based on laboratory tests. New approaches and findings are then described on the use of in situ sounding tests for characterising triggering and consequences of soil liquefaction, including post-liquefaction settlement, lateral spreading, and stability against flow slide. All the topics are accompanied by illustrative case history data from recent major earthquakes in Japan. 410 0$aSpringer Series in Geomechanics and Geoengineering,$x1866-8763 606 $aGeotechnical engineering 606 $aEngineering geology 606 $aSoil science 606 $aNatural disasters 606 $aGeotechnical Engineering and Applied Earth Sciences 606 $aGeoengineering 606 $aSoil Science 606 $aNatural Hazards 615 0$aGeotechnical engineering. 615 0$aEngineering geology. 615 0$aSoil science. 615 0$aNatural disasters. 615 14$aGeotechnical Engineering and Applied Earth Sciences. 615 24$aGeoengineering. 615 24$aSoil Science. 615 24$aNatural Hazards. 676 $a624.1762 700 $aTsukamoto$b Yoshimichi$01427039 702 $aIshihara$b Kenji 801 0$bMiAaPQ 801 1$bMiAaPQ 801 2$bMiAaPQ 906 $aBOOK 912 $a9910743244603321 996 $aAdvances in soil liquefaction engineering$93559752 997 $aUNINA